000 00371nam a2200145Ia 4500
008 240624s9999 xx 000 0 und d
041 _aeng
082 _a378.1 ALT
100 _aALTBACH PHILIP G
245 _aLEADERSHIP FOR WORLD CLASS UNIVERSITIES
250 _a11
260 _c2011
_aNew York
_bRoutledge
300 _axvii, : 251 : p. : cm. ; 23
365 _cRS
_b27
999 _c17802
_d17802